Gemeinden von Völkermarkt - Statistiken

Allgemein
  • Dieses Quiz wurde 187 mal gespielt
  • Das Durchschnittsergebnis liegt bei 8 aus 13
Antwortstatistiken
Einwohner Gemeinde % Korrekt
10.889 Völkermarkt
98%
4.077 Bleiburg
91%
4.452 St. Kanzian am Klopeiner See
79%
5.874 Eberndorf
70%
2.291 Eisenkappel-Vellach
68%
3.444 Griffen
68%
788 Diex
66%
1.974 Sittersdorf
59%
1.523 Ruden
52%
1.743 Gallizien
50%
1.586 Globasnitz
48%
1.034 Neuhaus
38%
2.203 Feistritz ob Bleiburg
27%
Keine übereinstimmenden Quizze gefunden
Verteilung der Resultate
Anzahl Personen mit jedem Resultat
Perzentil nach korrekt beantworteten Fragen
Ihre Resultats-Entwicklung
Sie haben dieses Quiz noch nicht gespielt